A model of benefit and tax share discrimination by a monopoly bureau (Registro nro. 25635)

Detalles MARC
000 -LEADER
fixed length control field 00396 a2200121 4500
001 - CONTROL NUMBER
control field ART_11554
005 - DATE AND TIME OF LATEST TRANSACTION
control field 20260410161858.0
008 - FIXED-LENGTH DATA ELEMENTS--GENERAL INFORMATION
fixed length control field 260409a
100 1# - MAIN ENTRY--PERSONAL NAME
Personal name Denzau, Arthur T.
245 10 - TITLE STATEMENT
Title A model of benefit and tax share discrimination by a monopoly bureau
700 1# - ADDED ENTRY--PERSONAL NAME
Personal name Mackay, Robert J.
773 0# - HOST ITEM ENTRY
Title Journal of public economics
Related parts - Vol. 13, Nº 3 (jun. 1980)
Record control number REV11485

No hay ítems disponibles.